01594nam a22002894c 4500003000900000008004100009020001800050040003000068041001900098080001000117100002700127245005600154250002200210264004200232300004100274336002700315337003300342338002700375520069100402521002501093650002701118650002701145653001401172942001401186999001301200952009101213AR-BaSMT260406b2025 aga|||br|||| 000 1 spa d a9789877805291 aBSGBbespañolcBSBerda aspahespañol a82-341 aTirado, Míriam 944710aSensible : bun cuento para abrazar lo que sentimos aPrimera edición 1aBuenos aires : bEdiciones B , c2025 a64 páginas ; bilustraciones color 2rdacontentatextobtxt 2rdamediaasin mediaciónbn 2rdacarrieravlumenbnc aDesde muy pequeña, Martina a menudo se siente incómoda. Unas veces es por la luz, que la ciega, o por un ruido que la asusta. Otras veces es por las costuras de la ropa, que se le clavan y casi parece que tenga pinches en la piel. Aunque sea difícil ser tan sensible, Martina descubrirá que, en realidad, tiene un superpoder. Gracias a su sensibilidad puede sentir, vivir y conectar con los demás con mayor intensidad. Todos somos sensibles, en mayor o menor medida. Un cuento sobre la sensibilidad que nos permitirá abrazar lo que sentimos y vivir siendo nosotros mismos.uhttps://www.abrecuentos.com/products/sensibles-un-cuento-para-abrazar-lo-que-sentimos 06/04/2026 aA partir de 7 años 798aLITERATURA INFANTIL 7923aCUENTOzEspañola aEmociones 2ddcaBOOK c613d613 00102ddc40aBSGBbBSGBcCelesteedonacióni000829l0o82-34 TIRp000829t1yBOOKf